El "otro" Lope de Vega
Zapisane w:
| 1. autor: | |
|---|---|
| Format: | Książka |
| Język: | Undetermined |
| Wydane: |
Buenos Aires, Argentina
Espasa-calpe
1947
|
| Wydanie: | 3 |
| Hasła przedmiotowe: | |
| Etykiety: |
Dodaj etykietę
Nie ma etykietki, Dołącz pierwszą etykiete!
|
MARC
| LEADER | 00000nam a2200000Ia 4500 | ||
|---|---|---|---|
| 008 | 170316s9999 xx 000 0 und d | ||
| 040 | |a cru BVZT | ||
| 090 | |a C-862 S-1o | ||
| 100 | |a Sainz de Robles, Federico Carlos | ||
| 245 | |a El "otro" Lope de Vega | ||
| 250 | |a 3 | ||
| 260 | |a Buenos Aires, Argentina | ||
| 260 | |b Espasa-calpe | ||
| 260 | |c 1947 | ||
| 300 | |a 168 páginas | ||
| 650 | |a LITERATURA ESPAÑOLA | ||
| 650 | |a CRÍTICA | ||
| 999 | |c 13193 |d 13193 | ||
| 942 | |c 15 D |h C-862 S-1o |2 z | ||
